[Event "Gachantiva op 9th"]
[Site "Gachantiva"]
[Date "2019.06.23"]
[Round "4"]
[White "Arango Leon, Andres Felipe"]
[Black "Aguas, Jose Luis"]
[Result "0-1"]
[WhiteElo "1677"]
[BlackElo "1926"]
[PlyCount "90"]
[EventDate "2019.06.21"]
[EventType "swiss"]
[EventRounds "7"]
[EventCountry "COL"]
[SourceTitle "CBM 191 Extra"]
[Source "ChessBase"]
[SourceDate "2019.09.30"]
[SourceVersion "1"]
[SourceVersionDate "2019.09.30"]
[SourceQuality "1"]

1. e4 c6 2. Nc3 d5 3. Nf3 Bg4 4. h3 Bh5 5. d4 e6 6. Be3 Bb4 7. Bd3 Nf6 8. e5 Ne4 9. Bd2 Nxd2 10. Qxd2 Bxf3 11. gxf3 c5 12. a3 Ba5 13. Bb5+ Nc6 14. 0-0-0 cxd4 15. Qxd4 a6 16. Bxc6+ bxc6 17. Na4 0-0 18. h4 Qe7 19. Rdg1 f5 20. Rg5 Qa7 21. Qxa7 Rxa7 22. Nc5 Re8 23. h5 Bb6 24. Nd3 c5 25. Ne1 c4 26. Rh2 Rb7 27. f4 Reb8 28. Rhg2 Bd8 29. R5g3 Bh4 30. Rh3 Be7 31. Rhg3 Bf8 32. Nf3 Rxb2 33. Nd4 R2b6 34. a4 Re8 35. a5 Rb7 36. c3 Reb8 37. Nxe6 Rb1+ 38. Kd2 R8b2+ 39. Ke3 Rd1 40. Rxg7+ Bxg7 41. Rxg7+ Kh8 42. Kf3 Rd3+ 43. Kg2 Rdd2 44. Kf3 Rxf2+ 45. Ke3 Rfd2 0-1

[Event "Gachantiva op 9th"]
[Site "Gachantiva"]
[Date "2019.06.22"]
[Round "3"]
[White "Aguas, Jose Luis"]
[Black "Otalora Pacheco, Carlos Eduardo"]
[Result "0-1"]
[WhiteElo "1926"]
[BlackElo "2183"]
[PlyCount "142"]
[EventDate "2019.06.21"]
[EventType "swiss"]
[EventRounds "7"]
[EventCountry "COL"]
[SourceTitle "CBM 191 Extra"]
[Source "ChessBase"]
[SourceDate "2019.09.30"]
[SourceVersion "1"]
[SourceVersionDate "2019.09.30"]
[SourceQuality "1"]

1. d4 Nf6 2. Bf4 d5 3. e3 c5 4. c3 e6 5. Nd2 Nc6 6. Ngf3 Bd6 7. Ne5 Qc7 8. Bb5 Bd7 9. Bxc6 Bxc6 10. 0-0 Nd7 11. Ndf3 0-0 12. Nxd7 Bxd7 13. Bxd6 Qxd6 14. Qd3 f6 15. Rfd1 Bc6 16. dxc5 Qxc5 17. Nd4 Rfe8 18. b4 Qe7 19. b5 Bd7 20. c4 dxc4 21. Qxc4 Kh8 22. h3 e5 23. Nb3 b6 24. Rac1 Rec8 25. Qd5 Be6 26. Rxc8+ Rxc8 27. Qd3 h6 28. Qd6 Qxd6 29. Rxd6 Bxb3 30. axb3 Rc3 31. g4 Rxb3 32. Rd5 Kg8 33. Kg2 Kf7 34. e4 Ke7 35. h4 a5 36. bxa6 Ra3 37. h5 Rxa6 38. Kf3 Ra7 39. Ke3 Rd7 40. Rb5 Rd6 41. f4 exf4+ 42. Kxf4 Rc6 43. Ke3 Kd6 44. Kf4 Kc7 45. e5 fxe5+ 46. Rxe5 Kd6 47. Re8 Rc5 48. Rd8+ Kc6 49. Rg8 Rg5 50. Rc8+ Kd5 51. Rb8 Kc5 52. Rc8+ Kb4 53. Rc6 b5 54. Rg6 Rxg6 55. hxg6 Kc5 56. Ke5 b4 57. Ke6 b3 58. Kf7 b2 59. Kxg7 b1Q 60. Kxh6 Qb2 61. Kh7 Qh2+ 62. Kg8 Qh4 63. g7 Qxg4 64. Kh8 Qh5+ 65. Kg8 Kd6 66. Kf8 Qf5+ 67. Ke8 Qd7+ 68. Kf8 Qe7+ 69. Kg8 Qe8+ 70. Kh7 Qh5+ 71. Kg8 Ke6 0-1

[Event "Uni De Paula Santander op 3rd"]
[Site "Ocana"]
[Date "2017.09.30"]
[Round "3"]
[White "Aguas, Jose Luis"]
[Black "Mateus, Camilo Andres"]
[Result "1-0"]
[WhiteElo "1914"]
[BlackElo "1499"]
[PlyCount "57"]
[EventDate "2017.09.29"]
[EventType "swiss"]
[EventRounds "7"]
[EventCountry "COL"]
[SourceTitle "CBM 181 Extra"]
[Source "ChessBase"]
[SourceDate "2017.12.12"]
[SourceVersion "1"]
[SourceVersionDate "2017.12.12"]
[SourceQuality "1"]

1. e4 e5 2. Nf3 Nc6 3. Bb5 a6 4. Ba4 Nf6 5. 0-0 b5 6. Bb3 Be7 7. Re1 0-0 8. c3 d5 9. d3 Bg4 10. Nbd2 Qd7 11. Qe2 Rfe8 12. h3 Bh5 13. Nf1 Nd8 14. exd5 Nxd5 15. Nxe5 Bxe2 16. Nxd7 Bd6 17. Bxd5 c6 18. Bf3 Re7 19. Rxe2 Rxd7 20. Re8+ Bf8 21. Bxc6 Nxc6 22. Rxa8 Rxd3 23. Rxa6 Ne5 24. Be3 Nc4 25. Ra8 Rd5 26. b4 Ne5 27. Bc5 Nd7 28. Bxf8 Nxf8 29. Re1 1-0

[Event "Uni De Paula Santander op 3rd"]
[Site "Ocana"]
[Date "2017.09.29"]
[Round "1"]
[White "Aguas, Jose Luis"]
[Black "Torres Martinez, Francisco Jose"]
[Result "1-0"]
[WhiteElo "1914"]
[BlackElo "1583"]
[PlyCount "89"]
[EventDate "2017.09.29"]
[EventType "swiss"]
[EventRounds "7"]
[EventCountry "COL"]
[SourceTitle "CBM 181 Extra"]
[Source "ChessBase"]
[SourceDate "2017.12.12"]
[SourceVersion "1"]
[SourceVersionDate "2017.12.12"]
[SourceQuality "1"]

1. d4 e6 2. Bf4 d5 3. Nf3 c5 4. c3 Nf6 5. e3 Nc6 6. Nbd2 Bd6 7. Bg5 h6 8. Bh4 0-0 9. Bd3 e5 10. dxe5 Nxe5 11. Nxe5 Bxe5 12. Qc2 Re8 13. 0-0-0 Qa5 14. f4 Bd6 15. Bxf6 gxf6 16. Kb1 c4 17. Bxc4 Bg4 18. Nb3 Bxd1 19. Rxd1 Qc7 20. Bxd5 Rxe3 21. Qg6+ Kf8 22. Qxf6 Rae8 23. Qxh6+ Ke7 24. g3 Kd8 25. Bxf7 Re1 26. Bxe8 Rxd1+ 27. Kc2 Rf1 28. Bb5 Rf2+ 29. Nd2 Qe7 30. Qg5 Qxg5 31. fxg5 Rxh2 32. Kd3 Bxg3 33. g6 Ke7 34. Bc4 Be5 35. Nf3 Rh3 36. Ke4 Bg7 37. Nd4 Kf6 38. Bf7 Rh2 39. b4 Rh3 40. c4 Ra3 41. c5 Ra4 42. Nc2 a5 43. Bb3 Rxb4+ 44. Nxb4 axb4 45. Bd5 1-0

[Event "Uni De Paula Santander op 2nd"]
[Site "Ocana"]
[Date "2016.09.25"]
[Round "6"]
[White "Aguas, Jose Luis"]
[Black "Madariaga Reyes, Nain"]
[Result "1/2-1/2"]
[WhiteElo "1902"]
[BlackElo "1918"]
[PlyCount "69"]
[EventDate "2016.09.23"]
[EventType "swiss"]
[EventRounds "7"]
[EventCountry "COL"]
[SourceTitle "EXT 2018"]
[Source "ChessBase"]
[SourceDate "2017.10.13"]
[SourceVersion "1"]
[SourceVersionDate "2017.10.13"]
[SourceQuality "1"]

1. d4 d5 2. c4 e6 3. Nc3 Nf6 4. Bg5 Be7 5. e3 Ne4 6. Bxe7 Qxe7 7. cxd5 Nxc3 8. bxc3 exd5 9. Bd3 Nd7 10. Nf3 Nf6 11. Ne5 0-0 12. 0-0 c5 13. Re1 c4 14. Bc2 Be6 15. a4 Nd7 16. Nxd7 Qxd7 17. e4 b6 18. exd5 Bxd5 19. Re5 g6 20. Qe2 f6 21. Re7 Rae8 22. Re1 Rxe7 23. Qxe7 Qxe7 24. Rxe7 Rf7 25. Re8+ Kg7 26. Rd8 Re7 27. f3 Re1+ 28. Kf2 Rc1 29. Rxd5 Rxc2+ 30. Kg3 Rxc3 31. Rd7+ Kh6 32. Rxa7 Rd3 33. Rb7 Rxd4 34. Rxb6 f5 35. Rc6 1/2-1/2

[Event "Uni De Paula Santander op 2nd"]
[Site "Ocana"]
[Date "2016.09.25"]
[Round "7"]
[White "Bayona Navarro, Ivan Alonso"]
[Black "Aguas, Jose Luis"]
[Result "1-0"]
[WhiteElo "1600"]
[BlackElo "1902"]
[PlyCount "39"]
[EventDate "2016.09.23"]
[EventType "swiss"]
[EventRounds "7"]
[EventCountry "COL"]
[SourceTitle "EXT 2018"]
[Source "ChessBase"]
[SourceDate "2017.10.13"]
[SourceVersion "1"]
[SourceVersionDate "2017.10.13"]
[SourceQuality "1"]

1. e4 c6 2. d4 d5 3. Nc3 dxe4 4. Nxe4 Bf5 5. Ng3 Bg6 6. Nf3 Nd7 7. Nh4 e6 8. Nxg6 hxg6 9. c3 Bd6 10. Ne4 Bc7 11. Qf3 Ngf6 12. Bg5 Qe7 13. 0-0-0 0-0-0 14. h4 Rde8 15. Bc4 Bd8 16. a4 Qf8 17. Bf4 Nxe4 18. Qxe4 Bxh4 19. g3 Bd8 20. Qxc6+ 1-0

[Event "Uni De Paula Santander op 2nd"]
[Site "Ocana"]
[Date "2016.09.24"]
[Round "4"]
[White "Aguas, Jose Luis"]
[Black "Velasquez Cristancho, Juan Pablo"]
[Result "1-0"]
[WhiteElo "1902"]
[BlackElo "1666"]
[PlyCount "71"]
[EventDate "2016.09.23"]
[EventType "swiss"]
[EventRounds "7"]
[EventCountry "COL"]
[SourceTitle "EXT 2018"]
[Source "ChessBase"]
[SourceDate "2017.10.13"]
[SourceVersion "1"]
[SourceVersionDate "2017.10.13"]
[SourceQuality "1"]

1. d4 d6 2. c4 e5 3. d5 Bf5 4. Nc3 Nf6 5. Nf3 Be7 6. h3 c6 7. g4 Bg6 8. Be3 c5 9. Bg2 Nbd7 10. Nd2 Nb6 11. 0-0 h5 12. Nce4 Qd7 13. Nxf6+ gxf6 14. f3 f5 15. g5 f4 16. Bf2 Bxg5 17. b4 cxb4 18. a3 Bf6 19. axb4 e4 20. Bxb6 Bxa1 21. Qxa1 Ke7 22. Bd4 Rhg8 23. Bg7 e3 24. Qf6+ Ke8 25. Ne4 Rd8 26. Qxf4 Bxe4 27. Qxe4+ Qe7 28. Qh7 Kd7 29. Qf5+ Kc7 30. Bf6 Qd7 31. Bxd8+ Qxd8 32. Qxf7+ Kb8 33. Qf4 Qd7 34. c5 Qxh3 35. Qxd6+ Ka8 36. Qf8+ 1-0

[Event "Uni De Paula Santander op 2nd"]
[Site "Ocana"]
[Date "2016.09.24"]
[Round "3"]
[White "Guerra Verano, Diana"]
[Black "Aguas, Jose Luis"]
[Result "0-1"]
[WhiteElo "1609"]
[BlackElo "1902"]
[PlyCount "78"]
[EventDate "2016.09.23"]
[EventType "swiss"]
[EventRounds "7"]
[EventCountry "COL"]
[SourceTitle "EXT 2018"]
[Source "ChessBase"]
[SourceDate "2017.10.13"]
[SourceVersion "1"]
[SourceVersionDate "2017.10.13"]
[SourceQuality "1"]

1. e4 c6 2. d4 d5 3. Nd2 dxe4 4. Nxe4 Bf5 5. Ng3 Bg6 6. Nf3 Nd7 7. h4 h6 8. Be3 Ngf6 9. h5 Bh7 10. Bd3 Bxd3 11. Qxd3 e6 12. 0-0 Bd6 13. Ne4 Bc7 14. Nxf6+ Nxf6 15. Qb3 Qb8 16. Rfe1 Nxh5 17. Bg5 0-0 18. Bd2 Bf4 19. Bb4 Re8 20. Ne5 Nf6 21. g3 a5 22. Bc5 a4 23. Qf3 Bd2 24. Re2 Ba5 25. Kg2 Qd8 26. c4 Bb6 27. Rh1 Bxc5 28. dxc5 Qe7 29. g4 Nh7 30. Rd2 Red8 31. Rhd1 Rxd2 32. Rxd2 Nf8 33. Rd6 f6 34. Nd3 Rd8 35. Rxd8 Qxd8 36. Qe4 e5 37. b4 axb3 38. axb3 Ne6 39. b4 Qxd3 0-1

[Event "Ocana op 1st"]
[Site "Ocana"]
[Date "2015.09.26"]
[Round "4"]
[White "Aguas, Jose Luis"]
[Black "Pertuz Mercado, Manuel Jose"]
[Result "1/2-1/2"]
[WhiteElo "1686"]
[BlackElo "1889"]
[PlyCount "20"]
[EventDate "2015.09.25"]
[EventType "swiss"]
[EventRounds "7"]
[EventCountry "COL"]
[SourceTitle "EXT 2016"]
[Source "ChessBase"]
[SourceDate "2015.10.08"]
[SourceVersion "1"]
[SourceVersionDate "2015.10.08"]
[SourceQuality "1"]

1. g3 d5 2. Bg2 e6 3. d4 Nc6 4. c4 Nf6 5. Nc3 Bb4 6. e3 0-0 7. Nge2 Bd7 8. cxd5 exd5 9. 0-0 a5 10. Qc2 Qe7 1/2-1/2

[Event "Ocana op 1st"]
[Site "Ocana"]
[Date "2015.09.26"]
[Round "5"]
[White "Rico Hernandez, Edgar"]
[Black "Aguas, Jose Luis"]
[Result "1/2-1/2"]
[WhiteElo "1840"]
[BlackElo "1686"]
[PlyCount "63"]
[EventDate "2015.09.25"]
[EventType "swiss"]
[EventRounds "7"]
[EventCountry "COL"]
[SourceTitle "EXT 2016"]
[Source "ChessBase"]
[SourceDate "2015.10.08"]
[SourceVersion "1"]
[SourceVersionDate "2015.10.08"]
[SourceQuality "1"]

1. d4 Nf6 2. c4 g6 3. Nc3 Bg7 4. e4 d6 5. Be2 0-0 6. Bg5 h6 7. Bd2 Nc6 8. Nf3 e5 9. d5 Ne7 10. 0-0 Ne8 11. Ne1 f5 12. Nd3 Nf6 13. f3 g5 14. c5 a6 15. Rc1 f4 16. cxd6 cxd6 17. Nf2 h5 18. b4 Kh8 19. a4 Neg8 20. a5 Nh6 21. Na4 g4 22. Nb6 Rb8 23. Nxc8 Rxc8 24. Rxc8 Qxc8 25. Qc1 Rd8 26. Qxc8 Rxc8 27. Rc1 Rxc1+ 28. Bxc1 Kg8 29. Nd3 Kf7 30. Nb2 Ke7 31. Nc4 Nf7 32. Ba3 1/2-1/2